Govt. of
Madhya Pradesh

The Magic Makers (Record no. 44709)

MARC details
000 -LEADER
fixed length control field 004590000a22001690004500
003 - CONTROL NUMBER IDENTIFIER
control field MACL
005 - DATE AND TIME OF LATEST TRANSACTION
control field 20151028130919.0
008 - FIXED-LENGTH DATA ELEMENTS--GENERAL INFORMATION
fixed length control field 151028b xxu||||| |||| 00| 0 eng d
040 ## - CATALOGING SOURCE
Original cataloging agency MACL
Transcribing agency MACL
041 ## - LANGUAGE CODE
Language code of text/sound track or separate title English
082 ## - DEWEY DECIMAL CLASSIFICATION NUMBER
Classification number 745/JAI
100 ## - MAIN ENTRY--PERSONAL NAME
Personal name Jain, P. C.
9 (RLIN) 17138
245 ## - TITLE STATEMENT
Title The Magic Makers
Remainder of title Folk and Tribal Arts
260 ## - PUBLICATION, DISTRIBUTION, ETC. (IMPRINT)
Name of publisher, distributor, etc. Academy of fine arts and literature
Date of publication, distribution, etc. 2009
Place of publication, distribution, etc. New Delhi
650 ## - SUBJECT ADDED ENTRY--TOPICAL TERM
Topical term or geographic name as entry element Decorative Arts
9 (RLIN) 7454
942 ## - ADDED ENTRY ELEMENTS (KOHA)
Koha item type Books
Call number prefix 745/JAI
Source of classification or shelving scheme
Holdings
Withdrawn status Lost status Source of classification or shelving scheme Damaged status Not for loan Home library Current library Date acquired Total Checkouts Full call number Barcode Date last seen Uniform Resource Identifier Price effective from Koha item type
          MACL MACL 15/04/2015   745/JAI CRE025203 02/05/2024 44974 15/04/2015 Books